Responses for show #3354 - Thursday, March 18, 1999

Contestants

Cameron Soulis, a high school chemistry teacher from Baltimore, Maryland

Jeff Grimes, a history teacher from Paris, Texas

Barry Hren, a writer originally from Wheaton, Illinois (whose 1-day cash winnings total $9,201)

Jeopardy! Round responses

WHERE THINGS HAPPENED
TV SITCOMS
ENGLISH "T"
POET-TREE
PEOPLE
ANAGRAMMED HITCHCOCK FILMS
    $100 15
Winston Churchill

Barry
    $100 1
Mad About You

Cameron
    $100 13
the Thames River

Barry
    $100 6
the Owl & the Pussycat

Cameron
    $100 8
Ted Turner

Jeff
    $100 16
(Barry: What is Repo?)

Rope

BarryJeff
    $200 17
Mecca

Jeff
    $200 2
NewsRadio

Barry
    $200 14
the Tower of London

Jeff
    $200 7
T.S. Eliot

Triple Stumper
    $200 9
Bill Gates

Jeff
    $200 27
Topaz

Triple Stumper
    $300 18
Carmel

Cameron
    $500 3
Seinfeld

Barry
    $300 21
Trafalgar Square

Jeff
    $300 24
(Jeff: Who is Thoreau?)

Robert Frost

JeffCameron
    $300 10
Sharon Stone

Barry
    $300 28
Frenzy

Barry
    $400 19
Peking (or Beijing)

Triple Stumper
    $400 4
Blossom

Barry
    $400 22
Margaret Thatcher

Barry
    $400 25
Lord Byron

Cameron
    $400 11
Gillian Anderson

Cameron
    $400 29
(Alex: Maybe if we just tried forgetting about Hitchcock and anagrammed the words that are up there.)

Spellbound

Triple Stumper
    $500 20
(Jeff: What is Elba?)
(Barry: What is Corsica?)
(Carmeron: What is Waterloo?)

Saint Helena

BarryJeffCameron
Triple Stumper
    $500 5
227

Barry
    $500 23
the Triple Entente

Triple Stumper
    $500 26
Joyce Kilmer (who wrote "Trees")

Triple Stumper
    $500 12
Martin Scorsese

Jeff
    $500 30
Lifeboat

Triple Stumper

Scores at the first commercial break (after clue 15):

Barry Jeff Cameron
$2,100 $1,000 $600

Scores at the end of the Jeopardy! Round:

Barry Jeff Cameron
$2,200 $800 $1,100

Double Jeopardy! Round responses

THE RED PLANET
(Alex: Guess which one?)
THE BLACK SEA
(Alex: Uh-oh... colors!)
THEY'VE GOT THE BLUES
EAT A GREEN THING
MR. OR MS. BROWN
SORTA RHYMES WITH PURPLE?
    $200 6
volcanoes

Triple Stumper
    $200 26
(Jeff: What is...)

the Crimean Peninsula

JeffCameron
    $200 17
Jimi Hendrix

Barry
    $200 11
lettuce

Cameron
    $200 1
Charlie Brown

Jeff
    $200 16
a turtle

Barry
    $400 7
canals

Jeff
    $400 27
Georgia

Cameron
    $400 18
B.B. King

Jeff
    $400 12
cucumbers

Cameron
    $400 2
John Brown

Cameron
    $400 22
Steve Urkel

Jeff
    $1,500 8
Mercury & Pluto

Jeff
    $600 28
(Jeff: What is the Adriatic?)

the Sea of Marmara

Jeff
Triple Stumper
    $600 19
Stevie Ray Vaughan

Barry
    $600 13
Brussels sprouts

Cameron
    $500 3
(Cameron: Who is Helen Gurney Brown?)
...
(Alex: A gurney is something that I wind up on quite often in hospitals!)

Helen Gurley Brown

Cameron
    $600 23
curdle

Barry
    $800 9
July 4th

Cameron
    $800 29
(Cameron: What is the Danube?)
(Alex: Need another... too much time!)

(2 of) Danube, Dnieper, Dniester & Don

Cameron
Triple Stumper
    $800 20
"Lightnin'"

Barry
    $800 14
parsley

Cameron
    $800 4
Tim Brown

Jeff
    $800 24
surplus

Triple Stumper
    $1000 10
Phobos & Deimos

Triple Stumper
    $1000 30
Odessa

Triple Stumper
    $1000 21
John Mayall

Barry
    $1000 15
arugula

Triple Stumper
    $1000 5
Louise Brown

Cameron
    $1000 25
a kernel

Cameron

Scores at the end of the Double Jeopardy! Round:

Barry Jeff Cameron
$5,600 $3,700 $5,600

[wagering suggestions for these scores]

Final Jeopardy! Round responses

PRESIDENTIAL BIRTHPLACES
(Alex: For the first time in many, many months, this will be a video Final Jeopardy!)
(Alex: The painting by Grant Wood may not have helped you, players.)
JeffWho was Eisen hower?
$3,000
CameronWho is Nixon?
$5,200
BarryWho is Clinton?
$5,600
Herbert Hoover

Final scores:

Barry Jeff Cameron
$0 $700 $400
3rd place: a Motorola TracFone & 6 months of airtime New champion: $700 2nd place: a trip to the Oaks at Ojai fitness spa, California

Game dynamics:

Coryat scores:

Barry Jeff Cameron
$5,400 $2,800 $6,100
15 R
(including 1 DD),
2 W
13 R
(including 1 DD),
4 W
16 R,
3 W
(including 1 DD)

Combined Coryat: $14,300

The J! Archive is created by fans, for fans. The Jeopardy! game show and all elements thereof, including but not limited to copyright and trademark thereto, are the property of Jeopardy Productions, Inc. and are protected under law. This website is not affiliated with, sponsored by, or operated by Jeopardy Productions, Inc. Join the discussion at JBoard.tv.